Republic of Croatia : Selected Issues.

The first analysis focuses on external stability, an important issue in view of Croatia's external imbalances and the requirements of the IMF's 2007 Decision on Bilateral Surveillance. The paper shows that the real exchange rate is broadly in line with economic fundamentals and that extern...

Descripció completa

Dades bibliogràfiques
Autor corporatiu: International Monetary Fund
Format: Revista
Idioma:English
Publicat: Washington, D.C. : International Monetary Fund, 2008.
Col·lecció:IMF Staff Country Reports; Country Report ; No. 2008/159
Accés en línia:Full text available on IMF
LEADER 01640cas a2200241 a 4500
001 AALejournalIMF005103
008 230101c9999 xx r poo 0 0eng d
020 |c 5.00 USD 
020 |z 9781451817478 
022 |a 1934-7685 
040 |a BD-DhAAL  |c BD-DhAAL 
110 2 |a International Monetary Fund. 
245 1 0 |a Republic of Croatia :   |b Selected Issues. 
264 1 |a Washington, D.C. :  |b International Monetary Fund,  |c 2008. 
300 |a 1 online resource (71 pages) 
490 1 |a IMF Staff Country Reports 
500 |a <strong>Off-Campus Access:</strong> No User ID or Password Required 
500 |a <strong>On-Campus Access:</strong> No User ID or Password Required 
506 |a Electronic access restricted to authorized BRAC University faculty, staff and students 
520 3 |a The first analysis focuses on external stability, an important issue in view of Croatia's external imbalances and the requirements of the IMF's 2007 Decision on Bilateral Surveillance. The paper shows that the real exchange rate is broadly in line with economic fundamentals and that external debt dynamics are sustainable as long as macroeconomic policies remain strong. The second analysis finds significant inefficiencies in Croatia's social spending. It also discusses several reform measures to reduce inefficiencies in public spending and generate budgetary savings to reduce the general government deficit. 
538 |a Mode of access: Internet 
830 0 |a IMF Staff Country Reports; Country Report ;  |v No. 2008/159 
856 4 0 |z Full text available on IMF  |u http://elibrary.imf.org/view/journals/002/2008/159/002.2008.issue-159-en.xml  |z IMF e-Library